| 000 | 00592nam a2200229Ia 4500 | ||
|---|---|---|---|
| 003 | OSt | ||
| 005 | 20230508100823.0 | ||
| 008 | 210423s2011 xx 000 0 und d | ||
| 020 | _a9780750627689 | ||
| 040 | _cAL | ||
| 041 | _aeng | ||
| 082 |
_a530 LANL _223 |
||
| 100 |
_aLANDAU (L D);LIFSHITZ (E M). _999780 |
||
| 245 | _aCourse of theoretical physics: V1-mechanics | ||
| 250 | _a3 | ||
| 260 |
_aUK _bButterworth Heinemann _c2011 |
||
| 300 |
_axxvii,428 _bPB |
||
| 365 |
_b1195 _cINR |
||
| 440 | _v1 | ||
| 906 | _aCourse ; physics: ; theoretical ; V1-mechanics | ||
| 942 |
_2ddc _cBK |
||
| 999 |
_c162403 _d162403 |
||